000 00909nmm a2200265 a 4500
001 ocm000787986
003 TR-IsHL
005 20201028140916.0
008 131219s2003 tu tur
007 cr cn
035 _a787986
_b(N$T)
050 0 4 _aDR589
_b.M55 2003
090 0 4 _aDR589
_b.M55 2003
245 1 0 _aMilli mücadele döneminde Bekirağa ve Malta anıları (1919 - 1921)
_h[electronic resource] /
_chaz. Mehmet Akif Bal
260 _aİstanbul :
_bArk Kitapları,
_c2003
300 _a552 p.
650 4 _aTarih
650 4 _aHistory
650 0 _aAtatürk, Mustafa Kemal
650 0 _aKurtuluş Savaşı, 1918-1923
650 0 _aTurkey
_x History
_x Revolution, 1918-1923
650 7 _aHISTORY / Middle East / Turkey & Ottoman Empire
_2bisacsh
700 1 _aBal, Mehmet Akif
856 4 0 _uhttp://search.ebscohost.com/login.aspx?direct=true&scope=site&db=e011xww&AN=787986
999 _c7535
_d7535